Marvel Characters by First Appearance - Statistics

General Stats
  • This quiz has been taken 287 times
    126 since last reset
  • The average score is 121 of 416
Answer Stats
Name Year % Correct
Iron Man 1963
89%
Captain America 1941
87%
Nomad (Steve Rogers) 1974
87%
Spider-Man 1962
87%
Spider-Man 2099 1992
87%
Spider-Man (Miles Morales) 2011
87%
Spider-Man Noir 2009
87%
Brawn (Amadeus Cho) 2005
84%
Hulk 1962
84%
Captain America (John Walker) 1987
82%
Super-Patriot 1986
82%
Thor 1962
82%
U.S. Agent 1989
82%
Captain America (Isaiah Bradley) 2003
81%
Captain America (Jeff Mace) 1976
81%
Captain America (William Burnside) 1972
81%
Patriot (Jeff Mace) 1941
81%
Spirit of '76 1977
81%
Black Widow 1964
75%
Black Widow (Claire Voyant) 1940
75%
Wolverine 1964
74%
Mister Fantastic 1961
72%
Thanos 1973
72%
Bucky Barnes 1941
70%
Human Torch (Johnny Storm) 1961
70%
Winter Soldier 2005
70%
Hawkeye 1964
69%
Magneto 1963
69%
Professor X 1963
69%
Ant-Man (Hank Pym) 1962
67%
Deadpool 1991
67%
Giant Man (Hank Pym) 1963
67%
Goliath (Hank Pym) 1966
67%
Loki 1962
67%
Yellow Jacket (Hank Pym) 1968
67%
Black Panther 1966
66%
Scarlet Witch 1964
66%
Shuri 2005
66%
Ant-Man (Eric O'Grady) 2006
65%
Ant-Man (Scott Lang) 1979
65%
Doctor Strange 1963
65%
Human Torch (Android) 1939
65%
Thing 1961
65%
Wasp 1963
64%
Cyclops 1963
63%
Green Goblin 1964
63%
Invisible Woman 1961
63%
Phoenix Force 1976
63%
Quicksilver 1964
62%
Star-Lord 1976
62%
Venom 1984
62%
Venom (Eddie Brock) 1986
62%
Gamora 1975
61%
Captain Marvel (Carol Danvers) 2012
60%
Captain Marvel (Genis-Vell) 1992
60%
Captain Marvel (Khn'nr) 2007
60%
Captain Marvel (Mar-Vell) 1967
60%
Captain Marvel (Monica Rambeau) 1982
60%
Captain Marvel (Noh-Varr) 2009
60%
Captain Marvel (Phyla-Vell) 2004
60%
Marvel Girl (Jean Grey) 1963
60%
Groot 1960
58%
Storm 1975
58%
Daredevil 1964
57%
Doctor Octopus 1963
56%
Falcon 1969
56%
Nick Fury 1963
56%
Beast 1963
55%
Iceman 1963
55%
Ms. Marvel (Kamala Khan) 2013
55%
Odin 1962
55%
Sandman 1963
55%
War Machine 1979
55%
Meteorite 1997
54%
Moonstone 1978
54%
Ms. Marvel (Karla Sofen) 2009
54%
Silver Surfer 1966
54%
Namor 1939
53%
Rocket Raccoon 1976
53%
Ultron 1968
53%
Drax the Destroyer 1973
52%
Ms Marvel (Carol Danvers) 1968
52%
Red Skull 1941
52%
Rogue 1981
52%
Vision (Aarkus) 1940
52%
Vision (Victor Shade) 1968
52%
Colossus 1975
51%
Electro 1940
51%
Electro (Francine Frye) 2014
51%
Electro (Ivan Kronov) 1954
51%
Electro (Max Dillon) 1964
51%
Moon Knight 1975
51%
Carnage 1991
49%
Luke Cage 1972
49%
She Hulk 1980
49%
Angel 1963
48%
Doctor Doom 1962
48%
Galactus 1966
48%
Ghost 1987
48%
Iron Fist 1974
48%
Kingpin 1967
48%
Pepper Potts 1963
48%
Red Hulk 2008
48%
Rescue 2009
48%
Spider-Woman (Jessica Drew) 1977
48%
Spider-Woman (Julia Carpenter) 1984
48%
The Angel (Thomas Halloway) 1939
48%
Lizard 1963
47%
Punisher 1974
47%
Spider-Woman (Mattie Franklin) 1998
47%
Ghost Rider (Johnny Blaze) 1972
46%
Kang the Conqueror 1963
46%
Mystique 1978
46%
Spider-Gwen 2015
46%
Elektra 1981
45%
Ghost Rider (Carter Slade) 1967
44%
Hel 1964
44%
Nebula 1985
44%
Nightcrawler 1975
44%
Shang-Chi 1973
44%
Jessica Jones 2001
43%
Rhino 1966
43%
Valkyrie 1970
43%
Wong 1963
43%
Blade 1973
42%
Dormammu 1964
42%
Gambit 1990
42%
Howard the Duck 1973
42%
Mandarin 1964
42%
Vulture 1963
42%
Baron Zemo 1964
40%
Killmonger 1973
40%
Shadowcat 1980
40%
Abomination 1967
39%
Black Bolt 1965
39%
Kraven the Hunter 1964
39%
Mantis 1973
39%
Cable 1986
38%
Captain Britain 1976
38%
Maria Hill 2005
38%
Nova 1976
38%
Yondu 1969
38%
Iron Monger 1985
37%
MODOK 1967
37%
Mysterio 1964
37%
Ronan the Accuser 1967
37%
Yellowjacket (Darren Cross) 2016
37%
Yellow Jacket (Rita DeMara) 1986
37%
Adam Warlock 1967
36%
Bucky (Jack Monroe) 1953
36%
Emma Frost 1980
36%
Juggernaut 1965
36%
Apocalypse 1986
33%
Hobgoblin 1983
33%
Patriot (Rayshaun Lucas) 2017
33%
Psylocke 1976
33%
Sabretooth 1977
33%
Scorpion 1964
33%
Whiplash (Anton Vanko) 2010
33%
Whiplash (Leeann Foreman) 1990
33%
Whiplash (Marco Scarlotti) 1968
33%
Bullseye 1976
31%
Heimdall 1962
31%
Morbius 1971
31%
Toad 1964
31%
Agent Coulson 2008
30%
Red Guardian 1967
30%
Starlight 1976
30%
Steel Guardian 1998
30%
Black Cat 1979
29%
Medusa 1965
29%
Shocker 1967
29%
Sif 1964
29%
Atlas (Erik Josten) 1997
28%
Jubilee 1989
28%
Power Man (Erik Josten) 1965
28%
Smuggler (Erik Josten) 1980
28%
Bishop 1991
27%
Ancient One 1963
26%
Banshee 1967
26%
Domino 1991
26%
Frigga 1963
26%
Magik (Illyana Rasputina) 1975
26%
Marvel Girl (Rachel Summers) 1981
26%
Mephisto 1968
26%
Wonder Man 1964
26%
X-23 1994
26%
Arnim Zola 1977
25%
Collector 1966
25%
Dagger 1982
25%
Lockjaw 1965
25%
Pyro 1981
25%
Cassandra Lang 1979
24%
Cloak 1982
24%
Havok 1969
24%
Malekith 1984
24%
Stature (Cassandra Lang) 2006
24%
Stinger (Cassandra Lang) 2016
24%
Volstagg 1965
24%
Fandral 1965
22%
Ikaris 1976
22%
Man-Ape 1969
22%
Man-Thing 1971
22%
Super Skrull 1963
22%
Taskmaster 1980
22%
Zeus 1949
22%
Blob 1964
21%
Hulkling 2005
21%
Klaw 1966
21%
Man-Wolf 1963
21%
Miss America (America Chavez) 2011
21%
Sunspot 1982
21%
The Watcher 1963
21%
Black Knight (Nathan Garrett) 1964
20%
Black Knight (Sir Percy) 1955
20%
Circe 1963
20%
Crossbones 1989
20%
Crystal 1965
20%
Hogun 1965
20%
Leader 1964
20%
Sersi 1976
20%
Cannonball 1982
19%
Ironheart 2016
19%
Polaris 1968
19%
Pulsar (Monica Rambeau) 2005
19%
Spectrum (Monica Rambeau) 2013
19%
Squirrel Girl 1991
19%
Wiccan 2005
19%
Ares 1966
18%
Baron Mordo 1963
18%
Chameleon 1963
18%
Corona 2000
18%
Hydro-Man 1981
18%
Lady Deathstrike 1983
18%
Minerva 1940
18%
Mister Sinister 1987
18%
Patriot 2005
18%
Spider-Girl (Mayday Parker) 1998
18%
Sprite 1977
18%
Thena 1976
18%
Beta Ray Bill 1983
17%
Black Goliath 1975
17%
Gorgon 1965
17%
Grandmaster 1969
17%
Justin Hammer 1979
17%
Karnak 1965
17%
Korg 1962 | 2006
17%
Makkari 1976
17%
Maximus 1966
17%
Mole Man 1961
17%
Namorita 1972
17%
Silver Sable 1985
17%
Triton 1965
17%
Agatha Harkness 1970
16%
Goliath (Erik Josten) 1984
16%
Hellcat (Patsy Walker) 1976
16%
Hurricane 1941
16%
Mercury 1940
16%
Namora 1947
16%
Patsy Walker 1944
16%
Silver Samurai 1974
16%
Aldrich Killian 2005
15%
Beetle 1964
15%
Enchantress 1964
15%
Executioner 1964
15%
Phastos 1985
15%
Prowler 1969
15%
Ajak 1976
13%
Colonel Stryker 1982
13%
Crimson Dynamo 1963
13%
Darwin 2006
13%
Dazzler 1980
13%
Destroyer (Brian Falsworth) 1977
13%
Destroyer (Keen Farlow) 1941
13%
Destroyer (Roger Aubrey) 1978
13%
Druig 1977
13%
Fin 1941
13%
Forge 1984
13%
Quasar 1978
13%
Sebastian Shaw 1980
13%
Tombstone 1988
13%
Warpath 1984
13%
Azazel 2003
12%
Goliath (Tom Foster) 2006
12%
Guardian 1978
12%
Hammerhead 1972
12%
Hyperion 1969
12%
Kaecilius 1965
12%
Spider-Ham 1983
12%
Swordsman (Jacques Duquesne) 1965
12%
Tigra 1972
12%
Union Jack 1976
12%
Kingo 1977
11%
Changeling (Kevin Sydney) 1967
10%
Longshot 1985
10%
Morph (Kevin Sydney) 1992
10%
Peni Parker 2014
10%
Puck 1983
10%
Scarlet Spider (Ben Reilly) 1975
10%
Starfox 1973
10%
Sunfire 1970
10%
Tinkerer 1963
10%
Wizard 1962
10%
Yon-Rogg 1967
10%
Annihilus 1968
9%
Blink 1994
9%
Devil Dinosaur 1978
9%
Fin Fang Foom 1961
9%
Mirage 1982
9%
Mister Negative 2007
9%
Northstar (Jean-Paul Beaubier) 1979
9%
Warlock 1984
9%
Wolfsbane 1982
9%
Batroc 1966
8%
Boom-Boom 1985
8%
Cypher 1984
8%
Ego the Living Planet 1966
8%
Flag-Smasher (Karli Morgenthau) 2021
8%
Husk 1984
8%
Jackal 1965
8%
Magma 1983
8%
Mimic (Calvin Montgomery Rankin) 1966
8%
Molten Man 1965
8%
Nighthawk 1969
8%
Thunderbird 1975
8%
Thunderbird (Neal Shaara) 2000
8%
Baron Strucker 1964
7%
Deathlok 1974
7%
Fantomex 2002
7%
Flag-Smasher 1985
7%
Lockheed 1983
7%
Machine Man 1977
7%
Miss America (Madeline Frank) 1974
7%
Miss America (Madeline Joyce) 1943
7%
Negasonic Teenage Warhead 2001
7%
Nomad (Jack Monroe) 1983
7%
Sauron 1969
7%
Spitfire 1976
7%
Supreme Intelligence 1967
7%
Whizzer 1941
7%
Captain Atlas 1990
6%
Darkstar 1976
6%
Jimmy Woo 1956
6%
Marvel Boy (Vance Astrovik) 1975
6%
Nefarius 1974
6%
Screaming Mimi 1979
6%
Silk 2014
6%
Songbird 1997
6%
Talos the Untamed 1994
6%
Titanium Man 1965
6%
Angel Salvadore (Tempest) 2001
4%
Battlestar 1986
4%
Marvel Boy (Martin Oksner Burns) 1943
4%
Marvel Boy (Marty Burns) 1940
4%
Marvel Boy (Robert Grayson) 1950
4%
Master Mold 1965
4%
Nuke 1986
4%
Pixie 2004
4%
Sage (Tessa) 1980
4%
Toro 1940
4%
Ursa Major 1980
4%
Vulcan (Gabriel Summers) 2006
4%
Binary (Carol Danvers) 1982
3%
Caliban 1981
3%
Fixer 1964 | 1966
3%
Jupiter 1940
3%
Karma (Xi'an Coy Manh) 1980
3%
Korath the Pursuer 1992
3%
Marrow (Sarah) 1994
3%
Red Raven 1940
3%
Red Raven (Dania) 1992
3%
Rictor 1987
3%
Riptide 1986
3%
ROM 1979
3%
Techno 1997
3%
Zuras 1976
3%
American Eagle 1971
2%
Black Tom Cassidy 1976
2%
Blue Diamond 1941
2%
Blue Eagle 1985
2%
Cap'n Hawk 1976
2%
Citizen V 1942
2%
Citizen V (John Watkins III) 2000
2%
Citizen V (John Watkins Jr.) 2002
2%
Citizen V (Paulette Brazee) 1998
2%
Doctor Spectrum 1969
2%
Maggott (Japheth) 1997
2%
Stacy X 2001
2%
Thin Man 1940
2%
Thunderer 1941
2%
Xorn 2001
2%
Armor 2004
1%
Black Marvel 1941
1%
Dr. Cecilia Reyes 1997
1%
Jolt 1997
1%
Kid Omega (Quentin Quire) 2002
1%
Morlun 2001
1%
Power Princess 1982
1%
Tarantula 1974
1%
Warbird (Carol Danvers) 1998
1%
Xemnu 1960
1%
Alistair Smythe 1985
0%
Amphibian 1976
0%
Boomerang 1966
0%
Gilgamesh (Forgotten One) 1977
0%
Golden Archer 1971
0%
Jack Frost 1941
0%
Kismet 1980
0%
Lady Lark 1971
0%
Moonglow 1986
0%
Paragon 1977
0%
Protector (Noh-Varr) 2010
0%
Skrullian Skymaster 1989
0%
Tom Thumb 1971
0%
No matching quizzes found
Score Distribution
Percent of People with Each Score
Percentile by Number Answered
Your Score History
You have not taken this quiz since the last reset